00360cam a22000977a 4500008004000000082001600040245007600056260006300132300000900195700005800204180718b1976 xxu||||| |||| 00| 0 eng d aWx4 Eu74/30 aValue of time: reportcby European Conference of Ministers of Transport aParisbEuropean Conference of Ministers of Transportc1976 a71p. aFrance. European Conference of Ministers of Transport